[Event "ODJM B 2025"]
[Site "Willingen GER"]
[Date "2025.06.13"]
[Round "8"]
[White "Stoos, Laura-Alice"]
[Black "Matsarski, David"]
[Result "0-1"]
[Termination "normal"]
[Board "37"]
[WhiteElo "1706"]
[BlackElo "1723"]
[WhiteClock "00:41:53"]
[BlackClock "01:20:21"]
[PlyCount "82"]
[WhiteFideId "34651497"]
[BlackFideId "34663355"]
[EventCountry "GER"]
[EventRounds "9"]
[EventType "swiss"]
[EventDate "2025.06.07"]

1. b3 {[%clk 01:30:59]} {[%emt 00:00:01]} e5 {[%clk 01:30:55]} {[%emt
00:00:05]} 2. Bb2 {[%clk 01:31:24]} {[%emt 00:00:05]} Nc6 {[%clk 01:31:22]}
{[%emt 00:00:04]} 3. e3 {[%clk 01:31:47]} {[%emt 00:00:06]} Nf6 {[%clk
01:31:48]} {[%emt 00:00:04]} 4. Nf3 {[%clk 01:32:04]} {[%emt 00:00:13]} Bd6
{[%clk 01:32:13]} {[%emt 00:00:05]} 5. Na3 {[%clk 01:32:18]} {[%emt 00:00:16]}
e4 {[%clk 01:30:25]} {[%emt 00:02:18]} 6. Nd4 {[%clk 01:22:40]} {[%emt
00:10:08]} Nxd4 {[%clk 01:30:46]} {[%emt 00:00:09]} 7. exd4 {[%clk 01:23:06]}
{[%emt 00:00:04]} O-O {[%clk 01:30:28]} {[%emt 00:00:48]} 8. Nc4 {[%clk
01:23:21]} {[%emt 00:00:15]} Qe7 {[%clk 01:30:35]} {[%emt 00:00:23]} 9. Nxd6
{[%clk 01:23:24]} {[%emt 00:00:26]} Qxd6 {[%clk 01:31:00]} {[%emt 00:00:06]}
10. Be2 {[%clk 01:23:35]} {[%emt 00:00:20]} b6 {[%clk 01:30:45]} {[%emt
00:00:45]} 11. c4 {[%clk 01:23:27]} {[%emt 00:00:37]} Bb7 {[%clk 01:30:52]}
{[%emt 00:00:23]} 12. d5 {[%clk 01:23:32]} {[%emt 00:00:25]} c6 {[%clk
01:31:05]} {[%emt 00:00:17]} 13. dxc6 {[%clk 01:23:26]} {[%emt 00:00:36]} dxc6
{[%clk 01:31:26]} {[%emt 00:00:10]} 14. O-O {[%clk 01:23:18]} {[%emt 00:00:37]}
Rad8 {[%clk 01:30:02]} {[%emt 00:01:54]} 15. Bxf6 {[%clk 01:20:47]} {[%emt
00:03:01]} Qxf6 {[%clk 01:30:16]} {[%emt 00:00:17]} 16. Qc2 {[%clk 01:19:16]}
{[%emt 00:01:59]} c5 {[%clk 01:30:30]} {[%emt 00:00:16]} 17. f3 {[%clk
01:18:39]} {[%emt 00:01:07]} Qd4+ {[%clk 01:29:48]} {[%emt 00:01:12]} 18. Kh1
{[%clk 01:17:00]} {[%emt 00:02:09]} Qxd2 {[%clk 01:29:11]} {[%emt 00:01:08]}
19. Rac1 {[%clk 01:12:21]} {[%emt 00:05:09]} exf3 {[%clk 01:29:19]} {[%emt
00:00:21]} 20. Bxf3 {[%clk 01:09:37]} {[%emt 00:03:14]} Bxf3 {[%clk 01:29:45]}
{[%emt 00:00:05]} 21. gxf3 {[%clk 01:09:59]} {[%emt 00:00:08]} Qf4 {[%clk
01:29:48]} {[%emt 00:00:27]} 22. Rf2 {[%clk 01:09:33]} {[%emt 00:00:55]} Rfe8
{[%clk 01:29:36]} {[%emt 00:00:43]} 23. Rg1 {[%clk 01:08:34]} {[%emt 00:01:29]}
Re3 {[%clk 01:29:23]} {[%emt 00:00:43]} 24. Rg4 {[%clk 00:58:29]} {[%emt
00:10:34]} Qe5 {[%clk 01:26:34]} {[%emt 00:03:20]} 25. Re4 {[%clk 00:53:28]}
{[%emt 00:06:30]} Rxe4 {[%clk 01:26:37]} {[%emt 00:00:27]} 26. fxe4 {[%clk
00:53:09]} {[%emt 00:00:49]} Rd4 {[%clk 01:26:06]} {[%emt 00:01:01]} 27. Re2
{[%clk 00:52:16]} {[%emt 00:01:24]} Qf4 {[%clk 01:25:59]} {[%emt 00:00:36]} 28.
Kg1 {[%clk 00:49:00]} {[%emt 00:03:46]} Qf3 {[%clk 01:24:32]} {[%emt 00:01:57]}
29. Re1 {[%clk 00:43:24]} {[%emt 00:06:06]} Rd6 {[%clk 01:23:49]} {[%emt
00:01:13]} 30. Re2 {[%clk 00:42:50]} {[%emt 00:01:04]} Rg6+ {[%clk 01:23:47]}
{[%emt 00:00:33]} 31. Rg2 {[%clk 00:43:09]} {[%emt 00:00:10]} Qe3+ {[%clk
01:23:46]} {[%emt 00:00:31]} 32. Kf1 {[%clk 00:42:40]} {[%emt 00:00:59]} Rf6+
{[%clk 01:23:37]} {[%emt 00:00:39]} 33. Rf2 {[%clk 00:42:59]} {[%emt 00:00:11]}
Rxf2+ {[%clk 01:24:00]} {[%emt 00:00:07]} 34. Qxf2 {[%clk 00:43:24]} {[%emt
00:00:05]} Qxe4 {[%clk 01:24:01]} {[%emt 00:00:30]} 35. Qg3 {[%clk 00:41:49]}
{[%emt 00:02:04]} Qb1+ {[%clk 01:24:06]} {[%emt 00:00:25]} 36. Kg2 {[%clk
00:42:09]} {[%emt 00:00:09]} Qxa2+ {[%clk 01:23:42]} {[%emt 00:00:54]} 37. Kh3
{[%clk 00:42:31]} {[%emt 00:00:08]} h6 {[%clk 01:23:30]} {[%emt 00:00:42]} 38.
Qd3 {[%clk 00:42:18]} {[%emt 00:00:43]} Qf2 {[%clk 01:22:24]} {[%emt 00:01:36]}
39. Qd8+ {[%clk 00:41:59]} {[%emt 00:00:49]} Kh7 {[%clk 01:22:45]} {[%emt
00:00:09]} 40. Qd3+ {[%clk 00:42:25]} {[%emt 00:00:05]} f5 {[%clk 01:21:53]}
{[%emt 00:01:22]} 41. Qd5 {[%clk 00:41:53]} {[%emt 00:01:02]} Qe3+ {[%clk
01:20:21]} {[%emt 00:02:00]} 0-1

[Event "ODJM B 2025"]
[Site "Willingen GER"]
[Date "2025.06.13"]
[Round "8"]
[White "Mai, Maximilian"]
[Black "Maraun, Lias"]
[Result "0-1"]
[Termination "normal"]
[Board "38"]
[WhiteElo "1697"]
[BlackElo "1763"]
[WhiteClock "00:55:31"]
[BlackClock "00:11:23"]
[PlyCount "58"]
[WhiteFideId "34628924"]
[BlackFideId "533017441"]
[EventCountry "GER"]
[EventRounds "9"]
[EventType "swiss"]
[EventDate "2025.06.07"]

1. d4 {[%clk 01:30:40]} {[%emt 00:00:20]} Nf6 {[%clk 01:30:34]} {[%emt
00:00:25]} 2. Nf3 {[%clk 01:30:57]} {[%emt 00:00:13]} e6 {[%clk 01:29:45]}
{[%emt 00:01:19]} 3. Bg5 {[%clk 01:30:15]} {[%emt 00:01:13]} c5 {[%clk
01:29:27]} {[%emt 00:00:48]} 4. e3 {[%clk 01:27:43]} {[%emt 00:03:02]} Be7
{[%clk 01:20:16]} {[%emt 00:09:40]} 5. Bd3 {[%clk 01:26:01]} {[%emt 00:02:12]}
Qb6 {[%clk 01:14:18]} {[%emt 00:06:28]} 6. b3 {[%clk 01:24:08]} {[%emt
00:02:24]} h6 {[%clk 01:09:23]} {[%emt 00:05:24]} 7. Bh4 {[%clk 01:24:30]}
{[%emt 00:00:09]} g5 {[%clk 01:04:33]} {[%emt 00:05:19]} 8. Bg3 {[%clk
01:23:37]} {[%emt 00:01:24]} g4 {[%clk 01:00:09]} {[%emt 00:04:54]} 9. dxc5
{[%clk 01:23:45]} {[%emt 00:00:22]} Bxc5 {[%clk 00:53:33]} {[%emt 00:07:05]}
10. Ne5 {[%clk 01:21:12]} {[%emt 00:03:03]} d6 {[%clk 00:51:33]} {[%emt
00:02:30]} 11. Nc4 {[%clk 01:21:33]} {[%emt 00:00:09]} Qc6 {[%clk 00:50:00]}
{[%emt 00:02:03]} 12. O-O {[%clk 01:16:26]} {[%emt 00:05:38]} b6 {[%clk
00:44:52]} {[%emt 00:05:39]} 13. Qe2 {[%clk 01:16:46]} {[%emt 00:00:09]} Bb7
{[%clk 00:44:18]} {[%emt 00:01:03]} 14. Nxd6+ {[%clk 01:17:07]} {[%emt
00:00:10]} Kf8 {[%clk 00:40:30]} {[%emt 00:04:18]} 15. Nxb7 {[%clk 01:17:32]}
{[%emt 00:00:05]} Qxb7 {[%clk 00:40:48]} {[%emt 00:00:11]} 16. Be5 {[%clk
01:17:43]} {[%emt 00:00:19]} Nbd7 {[%clk 00:40:31]} {[%emt 00:00:47]} 17. Bb2
{[%clk 01:17:15]} {[%emt 00:00:59]} h5 {[%clk 00:38:57]} {[%emt 00:02:03]} 18.
Nd2 {[%clk 01:14:00]} {[%emt 00:03:46]} e5 {[%clk 00:33:20]} {[%emt 00:06:06]}
19. Bb5 {[%clk 01:11:10]} {[%emt 00:03:21]} h4 {[%clk 00:29:49]} {[%emt
00:04:01]} 20. e4 {[%clk 01:03:11]} {[%emt 00:08:29]} g3 {[%clk 00:28:04]}
{[%emt 00:02:14]} 21. Rad1 {[%clk 01:01:10]} {[%emt 00:02:32]} gxf2+ {[%clk
00:22:43]} {[%emt 00:05:50]} 22. Rxf2 {[%clk 01:01:35]} {[%emt 00:00:06]} Rd8
{[%clk 00:20:25]} {[%emt 00:02:48]} 23. Rdf1 {[%clk 00:57:28]} {[%emt
00:04:37]} Nh5 {[%clk 00:14:47]} {[%emt 00:06:07]} 24. Ba3 {[%clk 00:55:22]}
{[%emt 00:02:37]} Bxa3 {[%clk 00:15:07]} {[%emt 00:00:10]} 25. Rxf7+ {[%clk
00:55:46]} {[%emt 00:00:06]} Ke8 {[%clk 00:15:18]} {[%emt 00:00:18]} 26. Qg4
{[%clk 00:54:31]} {[%emt 00:01:44]} Bc5+ {[%clk 00:14:21]} {[%emt 00:01:27]}
27. R1f2 {[%clk 00:54:56]} {[%emt 00:00:06]} Bxf2+ {[%clk 00:11:22]} {[%emt
00:03:29]} 28. Kxf2 {[%clk 00:55:19]} {[%emt 00:00:07]} Kxf7 {[%clk 00:11:23]}
{[%emt 00:00:28]} 29. Bc4+ {[%clk 00:55:31]} {[%emt 00:00:18]} Kf8 {[%emt
00:02:06]} 0-1

[Event "ODJM B 2025"]
[Site "Willingen GER"]
[Date "2025.06.13"]
[Round "8"]
[White "Ihle, Ben"]
[Black "Gretzinger, Maximilian"]
[Result "1/2-1/2"]
[Termination "normal"]
[Board "39"]
[WhiteElo "1752"]
[BlackElo "1710"]
[WhiteClock "00:05:17"]
[BlackClock "00:10:27"]
[PlyCount "63"]
[WhiteFideId "533020566"]
[BlackFideId "34694960"]
[EventCountry "GER"]
[EventRounds "9"]
[EventType "swiss"]
[EventDate "2025.06.07"]

1. d4 {[%clk 01:30:59]} g6 {[%clk 01:30:56]} {[%emt 00:00:04]} 2. c4 {[%clk
01:31:23]} {[%emt 00:00:06]} Bg7 {[%clk 01:31:19]} {[%emt 00:00:07]} 3. Nf3
{[%clk 01:31:48]} {[%emt 00:00:06]} Nf6 {[%clk 01:31:26]} {[%emt 00:00:23]} 4.
e3 {[%clk 01:32:14]} {[%emt 00:00:03]} O-O {[%clk 01:31:12]} {[%emt 00:00:44]}
5. Be2 {[%clk 01:32:41]} {[%emt 00:00:03]} d6 {[%clk 01:31:25]} {[%emt
00:00:17]} 6. O-O {[%clk 01:33:03]} {[%emt 00:00:08]} Nbd7 {[%clk 01:31:05]}
{[%emt 00:00:49]} 7. Nc3 {[%clk 01:32:55]} {[%emt 00:00:39]} b6 {[%clk
01:30:59]} {[%emt 00:00:36]} 8. Qc2 {[%clk 01:27:24]} {[%emt 00:06:01]} Bb7
{[%clk 01:30:58]} {[%emt 00:00:32]} 9. b3 {[%clk 01:23:17]} {[%emt 00:04:36]}
Re8 {[%clk 01:28:55]} {[%emt 00:02:32]} 10. Bb2 {[%clk 01:23:42]} {[%emt
00:00:06]} e5 {[%clk 01:28:36]} {[%emt 00:00:49]} 11. d5 {[%clk 01:23:59]}
{[%emt 00:00:13]} h5 {[%clk 01:24:58]} {[%emt 00:04:08]} 12. b4 {[%clk
01:13:49]} {[%emt 00:10:39]} Nh7 {[%clk 01:21:42]} {[%emt 00:03:47]} 13. Rfe1
{[%clk 01:00:11]} {[%emt 00:14:08]} f5 {[%clk 01:11:49]} {[%emt 00:10:24]} 14.
a4 {[%clk 00:49:24]} {[%emt 00:11:17]} a5 {[%clk 01:06:03]} {[%emt 00:06:15]}
15. bxa5 {[%clk 00:49:01]} {[%emt 00:00:53]} Rxa5 {[%clk 01:06:17]} {[%emt
00:00:17]} 16. Nb5 {[%clk 00:48:33]} {[%emt 00:00:57]} Nc5 {[%clk 01:02:31]}
{[%emt 00:04:15]} 17. Bc3 {[%clk 00:48:04]} {[%emt 00:01:00]} Ra8 {[%clk
00:55:27]} {[%emt 00:07:34]} 18. a5 {[%clk 00:47:06]} {[%emt 00:01:28]} Ba6
{[%clk 00:36:36]} {[%emt 00:19:21]} 19. axb6 {[%clk 00:41:45]} {[%emt
00:05:51]} cxb6 {[%clk 00:29:05]} {[%emt 00:08:01]} 20. Reb1 {[%clk 00:37:11]}
{[%emt 00:05:03]} Nf6 {[%clk 00:17:41]} {[%emt 00:11:54]} 21. Nd2 {[%clk
00:31:19]} {[%emt 00:06:22]} Re7 {[%clk 00:14:46]} {[%emt 00:03:25]} 22. Rb2
{[%clk 00:25:24]} {[%emt 00:06:25]} Bxb5 {[%clk 00:14:00]} {[%emt 00:01:15]}
23. Rxa8 {[%clk 00:25:22]} {[%emt 00:00:33]} Qxa8 {[%clk 00:14:28]} {[%emt
00:00:02]} 24. Rxb5 {[%clk 00:25:32]} {[%emt 00:00:19]} Rb7 {[%clk 00:14:18]}
{[%emt 00:00:40]} 25. h3 {[%clk 00:20:32]} {[%emt 00:05:30]} Nfd7 {[%clk
00:14:09]} {[%emt 00:00:39]} 26. g4 {[%clk 00:14:11]} {[%emt 00:06:52]} hxg4
{[%clk 00:13:59]} {[%emt 00:00:40]} 27. hxg4 {[%clk 00:14:32]} {[%emt
00:00:07]} e4 {[%clk 00:13:21]} {[%emt 00:01:08]} 28. Bxg7 {[%clk 00:09:44]}
{[%emt 00:05:19]} Kxg7 {[%clk 00:13:36]} {[%emt 00:00:15]} 29. Qb2+ {[%clk
00:09:02]} {[%emt 00:01:12]} Kg8 {[%clk 00:13:27]} {[%emt 00:00:39]} 30. Nf1
{[%clk 00:07:23]} {[%emt 00:02:08]} Ra7 {[%clk 00:11:07]} {[%emt 00:02:51]} 31.
Ng3 {[%clk 00:06:09]} {[%emt 00:01:44]} Qf8 {[%clk 00:10:27]} {[%emt 00:01:10]}
32. Kg2 {[%clk 00:05:17]} {[%emt 00:01:23]} 1/2-1/2

[Event "ODJM B 2025"]
[Site "Willingen GER"]
[Date "2025.06.13"]
[Round "8"]
[White "Claussen, Alexander"]
[Black "von Gehlen, Samuel"]
[Result "1/2-1/2"]
[Termination "normal"]
[Board "40"]
[WhiteElo "1654"]
[BlackElo "1533"]
[WhiteClock "00:38:42"]
[BlackClock "00:51:33"]
[PlyCount "59"]
[WhiteFideId "16248910"]
[BlackFideId "34651551"]
[EventCountry "GER"]
[EventRounds "9"]
[EventType "swiss"]
[EventDate "2025.06.07"]

1. b3 {[%clk 01:31:00]} d5 {[%clk 01:30:46]} {[%emt 00:00:14]} 2. Bb2 {[%clk
01:31:23]} {[%emt 00:00:07]} e6 {[%clk 01:30:54]} {[%emt 00:00:21]} 3. e3
{[%clk 01:31:48]} {[%emt 00:00:06]} c5 {[%clk 01:31:13]} {[%emt 00:00:11]} 4.
f4 {[%clk 01:32:10]} {[%emt 00:00:07]} Nc6 {[%clk 01:31:09]} {[%emt 00:00:35]}
5. Bb5 {[%clk 01:32:35]} {[%emt 00:00:05]} Nf6 {[%clk 01:31:14]} {[%emt
00:00:25]} 6. Nf3 {[%clk 01:32:59]} {[%emt 00:00:06]} a6 {[%clk 01:31:30]}
{[%emt 00:00:13]} 7. Bxc6+ {[%clk 01:33:24]} {[%emt 00:00:05]} bxc6 {[%clk
01:31:55]} {[%emt 00:00:05]} 8. O-O {[%clk 01:33:34]} {[%emt 00:00:21]} Bd6
{[%emt 00:00:53]} 9. Ne5 {[%emt 00:00:17]} Bxe5 {[%clk 01:29:36]} {[%emt
00:01:38]} 10. Bxe5 {[%clk 01:25:22]} {[%emt 00:08:43]} O-O {[%clk 01:28:54]}
{[%emt 00:01:11]} 11. d3 {[%clk 01:23:53]} {[%emt 00:02:00]} d4 {[%clk
01:24:52]} {[%emt 00:04:30]} 12. Nd2 {[%clk 01:20:51]} {[%emt 00:03:32]} Nd5
{[%clk 01:23:11]} {[%emt 00:02:12]} 13. Nc4 {[%clk 01:20:23]} {[%emt 00:00:59]}
f6 {[%clk 01:13:19]} {[%emt 00:10:22]} 14. Bd6 {[%clk 01:20:44]} {[%emt
00:00:09]} Nxe3 {[%clk 01:13:34]} {[%emt 00:00:14]} 15. Qe2 {[%clk 01:15:03]}
{[%emt 00:06:11]} Nxc4 {[%clk 01:08:36]} {[%emt 00:05:29]} 16. Bxf8 {[%clk
01:14:57]} {[%emt 00:00:36]} Ne3 {[%clk 01:07:22]} {[%emt 00:01:44]} 17. Bxc5
{[%clk 01:15:20]} {[%emt 00:00:07]} Nxf1 {[%clk 01:06:32]} {[%emt 00:01:19]}
18. Kxf1 {[%clk 01:14:52]} {[%emt 00:00:58]} Qd5 {[%clk 01:06:24]} {[%emt
00:00:37]} 19. b4 {[%clk 00:57:54]} {[%emt 00:17:29]} a5 {[%clk 01:05:21]}
{[%emt 00:01:32]} 20. Qe4 {[%clk 00:53:41]} {[%emt 00:04:44]} Qxe4 {[%clk
01:03:27]} {[%emt 00:02:24]} 21. dxe4 {[%clk 00:54:07]} {[%emt 00:00:04]} e5
{[%clk 01:03:43]} {[%emt 00:00:14]} 22. fxe5 {[%clk 00:54:16]} {[%emt
00:00:22]} fxe5 {[%clk 01:04:03]} {[%emt 00:00:10]} 23. a3 {[%clk 00:44:49]}
{[%emt 00:09:57]} axb4 {[%clk 01:00:45]} {[%emt 00:03:47]} 24. Bxb4 {[%clk
00:45:13]} {[%emt 00:00:06]} Ba6+ {[%clk 01:01:09]} {[%emt 00:00:06]} 25. Ke1
{[%clk 00:45:15]} {[%emt 00:00:29]} Rc8 {[%clk 00:57:39]} {[%emt 00:03:51]} 26.
Bc5 {[%clk 00:44:47]} {[%emt 00:01:07]} Rc7 {[%clk 00:55:33]} {[%emt 00:02:35]}
27. Rb1 {[%clk 00:43:14]} {[%emt 00:02:04]} Bb5 {[%clk 00:53:08]} {[%emt
00:02:54]} 28. a4 {[%clk 00:41:18]} {[%emt 00:02:27]} Bxa4 {[%clk 00:52:05]}
{[%emt 00:01:32]} 29. Rb8+ {[%clk 00:41:24]} {[%emt 00:00:24]} Kf7 {[%clk
00:51:33]} {[%emt 00:01:01]} 30. Kd2 {[%clk 00:38:42]} {[%emt 00:03:13]}
1/2-1/2

[Event "ODJM B 2025"]
[Site "Willingen GER"]
[Date "2025.06.13"]
[Round "8"]
[White "Kutz, Paul Matti"]
[Black "Leonhardt, Lukas"]
[Result "1-0"]
[Termination "normal"]
[Board "41"]
[WhiteElo "1838"]
[BlackElo "1673"]
[WhiteClock "01:21:16"]
[BlackClock "00:18:52"]
[PlyCount "37"]
[WhiteFideId "16296265"]
[BlackFideId "34683950"]
[EventCountry "GER"]
[EventRounds "9"]
[EventType "swiss"]
[EventDate "2025.06.07"]

1. e4 {[%clk 01:30:55]} {[%emt 00:00:04]} e5 {[%clk 01:30:36]} {[%emt
00:00:23]} 2. Nf3 {[%clk 01:31:21]} {[%emt 00:00:05]} Nc6 {[%clk 01:30:20]}
{[%emt 00:00:46]} 3. Bb5 {[%clk 01:31:46]} {[%emt 00:00:05]} a6 {[%clk
01:29:51]} {[%emt 00:00:59]} 4. Bxc6 {[%clk 01:31:28]} {[%emt 00:00:47]} dxc6
{[%clk 01:29:58]} {[%emt 00:00:23]} 5. O-O {[%clk 01:31:43]} {[%emt 00:00:15]}
Bd6 {[%clk 01:29:26]} {[%emt 00:01:02]} 6. d4 {[%clk 01:31:57]} {[%emt
00:00:16]} exd4 {[%clk 01:28:49]} {[%emt 00:01:07]} 7. Qxd4 {[%clk 01:32:19]}
{[%emt 00:00:07]} f6 {[%clk 01:27:04]} {[%emt 00:02:15]} 8. Nc3 {[%clk
01:31:14]} {[%emt 00:01:34]} Be6 {[%clk 01:25:31]} {[%emt 00:02:04]} 9. Be3
{[%clk 01:29:48]} {[%emt 00:01:56]} Ne7 {[%clk 01:24:32]} {[%emt 00:01:29]} 10.
Rad1 {[%clk 01:28:09]} {[%emt 00:02:09]} Qd7 {[%clk 01:20:33]} {[%emt
00:04:29]} 11. e5 {[%clk 01:26:33]} {[%emt 00:02:06]} fxe5 {[%clk 01:08:55]}
{[%emt 00:12:08]} 12. Nxe5 {[%clk 01:26:53]} {[%emt 00:00:10]} Bxe5 {[%clk
01:08:46]} {[%emt 00:00:40]} 13. Qxe5 {[%clk 01:27:13]} {[%emt 00:00:09]} Nd5
{[%clk 01:07:08]} {[%emt 00:02:09]} 14. Ne4 {[%clk 01:26:26]} {[%emt 00:01:17]}
Qc8 {[%clk 00:31:51]} {[%emt 00:35:47]} 15. Ng5 {[%clk 01:23:57]} {[%emt
00:02:57]} Ke7 {[%clk 00:26:25]} {[%emt 00:05:57]} 16. Bc5+ {[%clk 01:23:58]}
{[%emt 00:00:30]} Ke8 {[%clk 00:25:36]} {[%emt 00:01:19]} 17. Nxe6 {[%clk
01:24:13]} {[%emt 00:00:14]} Kf7 {[%clk 00:22:42]} {[%emt 00:03:24]} 18. Qxg7+
{[%clk 01:21:58]} {[%emt 00:02:43]} Kxe6 {[%clk 00:18:52]} {[%emt 00:04:22]}
19. Rfe1+ {[%clk 01:21:16]} {[%emt 00:01:11]} 1-0

[Event "ODJM B 2025"]
[Site "Willingen GER"]
[Date "2025.06.13"]
[Round "8"]
[White "Kanno, Clara Yumi"]
[Black "Hladeniuk, Yelyzaveta"]
[Result "1-0"]
[Termination "normal"]
[Board "42"]
[WhiteElo "1706"]
[BlackElo "1642"]
[WhiteClock "01:00:22"]
[BlackClock "00:13:10"]
[PlyCount "43"]
[WhiteFideId "16259661"]
[BlackFideId "34176128"]
[EventCountry "GER"]
[EventRounds "9"]
[EventType "swiss"]
[EventDate "2025.06.07"]

1. e4 {[%clk 01:30:57]} {[%emt 00:00:02]} c6 {[%clk 01:30:55]} {[%emt
00:00:06]} 2. c4 {[%clk 01:31:04]} {[%emt 00:00:23]} d5 {[%clk 01:27:17]}
{[%emt 00:04:08]} 3. exd5 {[%clk 01:31:01]} {[%emt 00:00:33]} cxd5 {[%clk
01:27:40]} {[%emt 00:00:07]} 4. cxd5 {[%clk 01:31:23]} {[%emt 00:00:07]} Qxd5
{[%clk 01:28:04]} {[%emt 00:00:07]} 5. Nc3 {[%clk 01:31:45]} {[%emt 00:00:08]}
Qd8 {[%clk 01:26:59]} {[%emt 00:01:35]} 6. d4 {[%clk 01:31:57]} {[%emt
00:00:18]} Nf6 {[%clk 01:23:47]} {[%emt 00:03:42]} 7. Bc4 {[%clk 01:31:25]}
{[%emt 00:01:02]} e6 {[%clk 01:16:53]} {[%emt 00:07:24]} 8. Nf3 {[%clk
01:30:27]} {[%emt 00:01:28]} Bb4 {[%clk 01:14:20]} {[%emt 00:03:02]} 9. O-O
{[%clk 01:22:02]} {[%emt 00:08:57]} O-O {[%clk 01:11:03]} {[%emt 00:03:47]} 10.
Bg5 {[%clk 01:20:59]} {[%emt 00:01:33]} h6 {[%clk 01:10:38]} {[%emt 00:00:55]}
11. Bh4 {[%clk 01:20:56]} {[%emt 00:00:33]} Bxc3 {[%clk 01:05:41]} {[%emt
00:05:28]} 12. bxc3 {[%clk 01:21:13]} {[%emt 00:00:13]} Nbd7 {[%clk 00:58:50]}
{[%emt 00:07:21]} 13. Re1 {[%clk 01:19:39]} {[%emt 00:02:05]} Qc7 {[%clk
00:54:58]} {[%emt 00:04:20]} 14. Qd3 {[%clk 01:18:26]} {[%emt 00:01:44]} a6
{[%clk 00:48:38]} {[%emt 00:06:51]} 15. Bb3 {[%clk 01:13:56]} {[%emt 00:05:01]}
b5 {[%clk 00:35:03]} {[%emt 00:14:04]} 16. Ne5 {[%clk 01:11:41]} {[%emt
00:02:45]} Re8 {[%clk 00:25:54]} {[%emt 00:09:38]} 17. Bc2 {[%clk 01:07:28]}
{[%emt 00:04:44]} g5 {[%clk 00:22:49]} {[%emt 00:03:35]} 18. Bg3 {[%clk
01:02:25]} {[%emt 00:05:33]} Qd8 {[%clk 00:20:02]} {[%emt 00:03:16]} 19. Nxf7
{[%clk 01:00:48]} {[%emt 00:02:09]} Kxf7 {[%clk 00:13:00]} {[%emt 00:07:32]}
20. Qg6+ {[%clk 01:00:56]} {[%emt 00:00:21]} Kf8 {[%clk 00:12:57]} {[%emt
00:00:32]} 21. Bd6+ {[%clk 01:00:30]} {[%emt 00:00:57]} Re7 {[%clk 00:13:10]}
{[%emt 00:00:17]} 22. Rxe6 {[%clk 01:00:22]} {[%emt 00:00:38]} 1-0